| 000 -GUIDE |
| Champ de contrôle de longueur fixe |
00726nam a22002177a 4500 |
| 003 - IDENTITÉ DU NUMÉRO DE CONTRÔLE |
| Champ de contrôle |
BI-BuBU |
| 008 - ÉLÉMENTS DE LONGUEUR FIXE - RENSEIGNEMENTS GÉNÉRAUX |
| Champ de contrôle de longueur fixe |
120604s 1984XX ||||fr|||| 000 0 eng d |
| 020 ## - INTERNATIONAL STANDARD BOOK NUMBER |
| ISBN |
0140442391 |
| 037 ## - SOURCE D'ACQUISITION |
| Source d'acquisition et du numéro d'inventaire |
Ancien Fonds |
| 039 ## - NIVEAU DE CONTRÔLE BIBLIOGRAPHIQUE ET HISTORIQUE D'ENCODAGE [OBSOLETE] |
| Date creation |
20120604095824.0 |
| Nom catalographe |
Aline NIYUBAHWE |
| Date modification |
20170912083826.0 |
| Nom catalographe |
Béatrice Barankeba |
| 040 ## - SOURCE DU CATALOGAGE |
| Organisme qui a effectué le catalogage original |
BI-BuBU |
| Code de la langue utilisée dans le catalogage |
fre |
| Organisme qui a effectué la transcription |
BI-BuBU |
| Organisme qui a effectué la modification |
BI-BuBU |
| 041 0# - CODE DE LANGUE |
| Code de langue du texte/de la piste sonore ou du titre distinct |
eng |
| 080 ## - INDICE DE LA CLASSIFICATION DÉCIMALE UNIVERSELLE (CDU) |
| Indice de la Classification décimale universelle |
82-82 |
| 245 04 - MENTION DU TITRE |
| Titre |
Les mots migrateurs |
| Reste du titre |
une anthologie poétique algérienne |
| Mention de responsabilité, etc. |
présentée par Tahar Djaout |
| 260 ## - PUBLICATION, DIFFUSION, ETC. (ADRESSE BIBLIOGRAPHIQUE) |
| Lieu de publication, diffusion, etc. |
Alger |
| Nom de l'éditeur, diffuseur, etc. |
Office des Publications Universitaires |
| Date of publication, distribution, etc |
1984 |
| 300 ## - DESCRIPTION MATÉRIELLE |
| Collation |
121 p. |
| Dimensions |
22 cm. |
| 440 #0 - MENTION DE COLLECTION / VEDETTE SECONDAIRE DE TITRE |
| Titre |
Classiques maghrébins |
| 9 (RLIN) |
56520 |
| 650 #7 - VEDETTE-MATIÈRE - NOM COMMUN |
| Source du terme |
BI-BuBU |
| Vedette de sujet ou vedette comportant un nom géographique |
Poésie |
| 9 (RLIN) |
56521 |
| Subdivision générale |
Anthologie |
| Subdivision géographique |
Maghreb |
| 942 ## - ÉLÉMENTS D'ENTRÉE ADDITIONNELLE (KOHA) |
| Source de la classification ou du système de rangement |
|
| Type d item koha |
BOOK |